Riconosci il Pokémon - Quiz n°86 - Statistics

Statistiche generali
  • Questo quiz è stato fatto 5 volte
  • Il punteggio medio è 9 su 10
Statistiche sulle risposte
Indizio Risposta % Corretto
Abilità Cuordeciso; Affilama; Giustizia; Forza Interiore (Megavoluzione)
100%
Tipo Psico / Lotta
100%
Generazione Quarta
100%
Stadio evoluzione Seconda evoluzione
100%
Sesso 100% ♂
80%
Altezza 1,6 m
80%
Tasso di cattura 45 (11.9%)
80%
Peso 52,0 kg, 56,4 kg (Megavoluzione)
80%
Tasso di allevamento Lento
80%
Pokémon Gallade
60%
Nessun quiz corrispondente trovato
Distribuzione punteggi
Percentuale di utenti per punteggio
Percentile per numero di risposta
I tuoi punteggi nel tempo
Non hai fatto questo quiz